Creating a total rewards strategy : (Record no. 347499)
[ view plain ]
| 000 -LEADER | |
|---|---|
| fixed length control field | 01326 a2200181 4500 |
| 020 ## - INTERNATIONAL STANDARD BOOK NUMBER | |
| International Standard Book Number | 0814407226 (hardcover) |
| 020 ## - INTERNATIONAL STANDARD BOOK NUMBER | |
| International Standard Book Number | 9780814407226 (hardcover) |
| 082 04 - DEWEY DECIMAL CLASSIFICATION NUMBER | |
| Classification number | 658.3142 |
| 090 ## - LOCALLY ASSIGNED LC-TYPE CALL NUMBER (OCLC); LOCAL CALL NUMBER (RLIN) | |
| -- | 5076 |
| -- | 5076 |
| 100 1# - MAIN ENTRY--PERSONAL NAME | |
| Personal name | Manas, Todd M. |
| 245 10 - TITLE STATEMENT | |
| Title | Creating a total rewards strategy : |
| Remainder of title | a toolkit for designing business-based plans / |
| Statement of responsibility, etc. | Todd M. Manas, Michael Dennis Graham. |
| 260 ## - PUBLICATION, DISTRIBUTION, ETC. | |
| Place of publication, distribution, etc. | [S.l.] : |
| Name of publisher, distributor, etc. | AMACOM, |
| Date of publication, distribution, etc. | 2002. |
| 300 ## - PHYSICAL DESCRIPTION | |
| Extent | 352 p. ; |
| Dimensions | 27 cm. |
| 520 ## - SUMMARY, ETC. | |
| Summary, etc. | Salary, bonuses, benefits and "perks" may be the most visible elements of a rewards program, but other components are just as valuable to employees. This comprehensive book and CD-ROM package shows how nonfinancial rewards can be quantified and combined with monetary measures in a way that complements business objectives. The authors' eye-opening research on what employees value is backed up by examples from their own consulting experience. The book's step-by-step process features more than 100 practical tools for developing an "M3" rewards system based on money, mix, and message, and provides a blueprint for creating a custom-tailored rewards strategy to match an organization's specific goals. |
| 700 1# - ADDED ENTRY--PERSONAL NAME | |
| Personal name | Graham, Michael Dennis. |
| 856 40 - ELECTRONIC LOCATION AND ACCESS | |
| Materials specified | Amazon.com |
| Uniform Resource Identifier | <a href="http://www.amazon.com/exec/obidos/ASIN/0814407226/chopaconline-20">http://www.amazon.com/exec/obidos/ASIN/0814407226/chopaconline-20</a> |
| 942 ## - ADDED ENTRY ELEMENTS (KOHA) | |
| Institution code [OBSOLETE] | NBS |
| Koha item type | Book |
| Call number prefix | 658.3142 MAN |
| Withdrawn status | Lost status | Damaged status | Not for loan | Permanent Location | Current Location | Date acquired | Total Checkouts | Full call number | Barcode | Date last seen | Price effective from | Koha item type |
|---|---|---|---|---|---|---|---|---|---|---|---|---|
| Central Library (CL) | Central Library (CL) | 08/28/2013 | 658.3142 MAN | NBS8055 | 08/28/2013 | 08/28/2013 | Book |
